000 00386nam a2200157Ia 4500
005 20250603145802.0
008 250603s9999 xx 000 0 und d
020 _a9780273720225
245 0 _aStudent Nurse: Maths and Medications, Survival Guide
260 _aEngland
260 _bPearsonEducation Limited
260 _c2009
300 _a66 p
650 _aEngland
942 _cBK
999 _c42846
_d42846